| 000 | 00490cam a2200169 4500 | ||
|---|---|---|---|
| 001 | D3540 | ||
| 008 | 090401t1982 xxu||||| |||| 00| 0 eng d | ||
| 035 | _a(Sirsi) u73678 | ||
| 041 | _aeng | ||
| 050 | _a333.33 | ||
| 245 | _aEstates Times review March 1982. Special feature: industrial property. London focus: Lewisham and Southwark | ||
| 260 |
_aLondon _bMorgan Grampian (Construction Press) Ltd _c1982 |
||
| 300 | _a106p. ill. 30cm | ||
| 350 | _a2 | ||
| 942 | _n0 | ||
| 948 | _c04/03/1997 | ||
| 999 |
_c95675 _d95675 |
||